[Event "16th Asian-ch"]
[Site "Makati PHI"]
[Date "2018.12.16"]
[Round "7.5"]
[White "Le Quang Liem"]
[Black "Xu Yi"]
[Result "1-0"]
[WhiteElo "2714"]
[BlackElo "2536"]
[EventDate "2018.12.10"]
[PlyCount "113"]

1.c4 Nf6 2.Nc3 e6 3.e4 d5 4.cxd5 exd5 5.e5 Ne4 6.Nf3 Bf5 7.d3 Nxc3 8.bxc3 
c5 9.d4 c4 10.a4 Nc6 11.Be2 Be7 12.O-O O-O 13.Ne1 f6 14.exf6 Bxf6 15.Nc2 
Na5 16.Ba3 Be7 17.Ne3 Bxa3 18.Rxa3 Be6 19.Ra2 Qd6 20.Re1 Rae8 21.Bf3 Bf7 
22.g3 a6 23.Rae2 Kh8 24.Bg4 b5 25.axb5 axb5 26.Nf5 Qd8 27.Qa1 Rxe2 28.Rxe2
Bg6 29.Ne7 Be4 30.f3 Qxe7 31.Qxa5 Qg5 32.Qb4 Ra8 33.Qxb5 h5 34.fxe4 Qxg4 
35.Re1 h4 36.Qxd5 Rf8 37.e5 hxg3 38.Qg2 Rf3 39.e6 Re3 40.Qa8+ Kh7 41.Rxe3 
Qd1+ 42.Kg2 Qd2+ 43.Kxg3 Qxe3+ 44.Qf3 Qxe6 45.Qh5+ Kg8 46.Kf4 Qf6+ 47.Ke4 
Qf1 48.Kd5 Qd3 49.Qe8+ Kh7 50.Qe1 g5 51.Kc5 Qc2 52.Qe7+ Kg6 53.Qe6+ Kh5 
54.Qh3+ Kg6 55.d5 Qd3 56.Qe6+ Kh5 57.Qe5 1-0

[Event "16th Asian-ch"]
[Site "Makati PHI"]
[Date "2018.12.16"]
[Round "7.6"]
[White "Ni Hua"]
[Black "Maghsoodloo, Parham"]
[Result "0-1"]
[WhiteElo "2683"]
[BlackElo "2688"]
[EventDate "2018.12.10"]
[PlyCount "98"]

1.d4 Nf6 2.c4 e6 3.g3 c5 4.d5 exd5 5.cxd5 d6 6.Nc3 g6 7.Nf3 Bg7 8.Bg2 O-O 
9.O-O Re8 10.Re1 a6 11.a4 b6 12.h3 Nbd7 13.e4 Qc7 14.Bd2 h6 15.Rb1 Rb8 16.
Bf1 g5 17.Qc2 Nf8 18.b4 Ng6 19.b5 a5 20.Bg2 Bd7 21.Nd1 Qc8 22.g4 h5 23.
Nxg5 hxg4 24.hxg4 Nxg4 25.Ne3 Qd8 26.Nxg4 Bxg4 27.Rb3 Be5 28.Nf3 Bxf3 29.
Rxf3 Kg7 30.Qc1 Rh8 31.Ree3 Qe7 32.Rf5 Rbg8 33.Kf1 Nh4 34.Rxe5 dxe5 35.
Rg3+ Ng6 36.f4 exf4 37.Bxf4 Kf8 38.Bd2 Nh4 39.Bh6+ Ke8 40.Qf4 Rxg3 41.Qb8+
Qd8 42.Qe5+ Kd7 43.Bf4 Rh6 44.Bxh6 Rxg2 45.Bf4 Rg6 46.Ke2 c4 47.Bg3 Rxg3 
48.Qxg3 Ng6 49.Qh3+ Ke7 0-1

[Event "16th Asian-ch"]
[Site "Makati PHI"]
[Date "2018.12.16"]
[Round "7.7"]
[White "Adhiban, Baskaran"]
[Black "Puranik, Abhimanyu"]
[Result "1-0"]
[WhiteElo "2695"]
[BlackElo "2544"]
[EventDate "2018.12.10"]
[PlyCount "69"]

1.Nf3 Nf6 2.c4 c5 3.d4 cxd4 4.Nxd4 Nc6 5.g3 d6 6.Bg2 Bd7 7.O-O g6 8.b3 Bg7
9.Bb2 O-O 10.Nc3 a6 11.Rc1 Rc8 12.a4 Qb6 13.e3 Rfd8 14.Ba1 Be8 15.Bh3 Rb8 
16.Bg2 Rbc8 17.Re1 e6 18.h3 Nb4 19.e4 Nd7 20.Nde2 Nc5 21.Nf4 d5 22.exd5 e5
23.Ne4 exf4 24.Bxg7 Kxg7 25.Qd4+ f6 26.a5 Nc2 27.Rxc2 Qxa5 28.Ra1 Qb6 29.
b4 Nd7 30.Qxb6 Nxb6 31.Nc5 fxg3 32.Ne6+ Kg8 33.Nxd8 gxf2+ 34.Kxf2 Rxd8 35.
c5 1-0

[Event "16th Asian-ch"]
[Site "Makati PHI"]
[Date "2018.12.16"]
[Round "7.8"]
[White "Megaranto, Susanto"]
[Black "Lu Shanglei"]
[Result "1-0"]
[WhiteElo "2512"]
[BlackElo "2636"]
[EventDate "2018.12.10"]
[PlyCount "75"]

1.d4 b5 2.Nf3 Nf6 3.Bg5 Bb7 4.e3 a6 5.Nbd2 e6 6.Bd3 h6 7.Bxf6 gxf6 8.a4 b4
9.c4 f5 10.e4 fxe4 11.Bxe4 Bxe4 12.Nxe4 Bg7 13.O-O O-O 14.Qd2 a5 15.Rfe1 
d6 16.Rad1 Nd7 17.Ng3 Nf6 18.b3 d5 19.c5 Ne4 20.Nxe4 dxe4 21.Rxe4 Qd5 22.
Qe3 Rad8 23.Re1 Rd7 24.h3 Kh7 25.Rh4 Rdd8 26.Kh1 Rde8 27.Re4 Rd8 28.Qd3 
Kh8 29.Qe3 Kh7 30.Rf4 Kg8 31.Rc1 f5 32.Re1 Rfe8 33.Rh4 Re7 34.Rh5 Rf8 35.
Ne5 Kh7 36.Kg1 Rg8 37.Ng4 Rf8 38.Nxh6 1-0

[Event "16th Asian-ch"]
[Site "Makati PHI"]
[Date "2018.12.16"]
[Round "7.9"]
[White "Gagare, Shardul"]
[Black "Firouzja, Alireza"]
[Result "0-1"]
[WhiteElo "2504"]
[BlackElo "2607"]
[EventDate "2018.12.10"]
[PlyCount "96"]

1.e4 c5 2.Nf3 Nc6 3.Bb5 g6 4.Bxc6 dxc6 5.h3 Bg7 6.d3 Nf6 7.Nc3 Nd7 8.Be3 
b6 9.Qd2 h6 10.O-O e5 11.Nh2 Nf8 12.f4 exf4 13.Bxf4 Ne6 14.Bg3 c4 15.e5 
cxd3 16.cxd3 Ba6 17.Ne4 O-O 18.Rad1 Qd4+ 19.Kh1 Rad8 20.Rf3 h5 21.Bh4 Qxe5
22.Bxd8 Rxd8 23.Nc3 Nd4 24.Re3 Qb8 25.Qf2 Nf5 26.Rf3 Bd4 27.Qe1 Re8 28.Ne4
Bxb2 29.g4 hxg4 30.Nxg4 Re6 31.Qd2 Bg7 32.Qg5 Kf8 33.Rdf1 Qc7 34.Ngf6 Bxf6
35.Nxf6 Re2 36.Ng4 Bb7 37.Rxf5 gxf5 38.Qh6+ Ke8 39.Qh8+ Kd7 40.Qd4+ Qd6 
41.Qxd6+ Kxd6 42.Rxf5 c5+ 43.Kg1 Rg2+ 44.Kf1 Rxa2 45.Rf2 Rxf2+ 46.Kxf2 Bc8
47.Nh6 Be6 48.Kg3 f6 0-1

[Event "16th Asian-ch"]
[Site "Makati PHI"]
[Date "2018.12.16"]
[Round "7.11"]
[White "Lye Lik Zang"]
[Black "Zhumabaev, Rinat"]
[Result "0-1"]
[WhiteElo "2321"]
[BlackElo "2602"]
[EventDate "2018.12.10"]
[PlyCount "90"]

1.d4 d6 2.e4 Nf6 3.Nc3 g6 4.f4 Bg7 5.Bd3 e5 6.dxe5 dxe5 7.Nf3 Bg4 8.Bb5+ 
Nfd7 9.O-O exf4 10.Bxf4 O-O 11.Kh1 a6 12.Ba4 Ra7 13.Qd2 b5 14.Bb3 c5 15.
Bd5 Bxf3 16.Rxf3 Ne5 17.Bxe5 Bxe5 18.Raf1 Nc6 19.Ne2 Rd7 20.c3 Bg7 21.Nf4 
Ne5 22.Rg3 c4 23.Nh3 Rd6 24.Ng5 Bh6 25.Qf4 Qe7 26.Qh4 Rf6 27.Rb1 Bxg5 28.
Qxg5 Kg7 29.b3 h6 30.Qe3 Rc8 31.Qd4 Kh7 32.Rd1 Rf4 33.Qe3 Qf6 34.Kg1 h5 
35.Qe2 cxb3 36.axb3 Ng4 37.Rf3 Qb6+ 38.Kh1 Rxf3 39.gxf3 Nf2+ 40.Kg2 Nxd1 
41.Qxd1 Rxc3 42.Bxf7 Qc7 43.Qd5 Rc2+ 44.Kf1 Qxh2 45.Bxg6+ Kh6 0-1

[Event "16th Asian-ch"]
[Site "Makati PHI"]
[Date "2018.12.16"]
[Round "7.13"]
[White "Ghaem Maghami, Ehsan"]
[Black "Kunte, Abhijit"]
[Result "1/2-1/2"]
[WhiteElo "2537"]
[BlackElo "2469"]
[EventDate "2018.12.10"]
[PlyCount "52"]

1.d4 Nf6 2.c4 e6 3.Nf3 b6 4.g3 Bb7 5.Bg2 Bb4+ 6.Bd2 a5 7.O-O O-O 8.Bf4 Be7
9.Nc3 Ne4 10.Qc2 Nxc3 11.Qxc3 Be4 12.a3 d6 13.Qe3 Bb7 14.Qd3 Nd7 15.Rfe1 
h6 16.e4 a4 17.Rad1 Re8 18.Qc2 Bf8 19.h3 Qb8 20.Be3 Ra7 21.Nd2 c5 22.d5 
exd5 23.exd5 Bc8 24.Bf4 Rxe1+ 25.Rxe1 Nf6 26.Qc3 Re7 1/2-1/2

[Event "16th Asian-ch"]
[Site "Makati PHI"]
[Date "2018.12.16"]
[Round "7.15"]
[White "Khusnutdinov, Rustam"]
[Black "Tran Tuan Minh"]
[Result "1-0"]
[WhiteElo "2470"]
[BlackElo "2524"]
[EventDate "2018.12.10"]
[PlyCount "133"]

1.e4 c5 2.Nf3 d6 3.d4 cxd4 4.Qxd4 Nc6 5.Bb5 a6 6.Bxc6+ bxc6 7.O-O e5 8.Qa4
Qc7 9.c4 Ne7 10.c5 dxc5 11.Be3 Ng6 12.Nbd2 Be7 13.Qc2 O-O 14.Bxc5 Be6 15.
Be3 a5 16.Rfc1 Rfb8 17.Nb3 Rb5 18.Nc5 Bxc5 19.Bxc5 a4 20.Be3 h6 21.Ne1 Nf4
22.g3 Nh3+ 23.Kg2 Ng5 24.f3 Bh3+ 25.Kf2 Rab8 26.Nd3 f5 27.Bxg5 hxg5 28.Kg1
Kh8 29.b4 axb3 30.axb3 Rxb3 31.Nf2 g4 32.fxg4 fxg4 33.Qxc6 Qf7 34.Nxh3 
gxh3 35.Rf1 Rf3 36.Qc2 Rbb3 37.Qc8+ Kh7 38.Qxh3+ Kg6 39.Ra6+ Rf6 40.Qf5+ 
Kh6 41.Qxf6+ Qxf6 42.Raxf6+ gxf6 43.Rxf6+ Kg5 44.Rf5+ Kg4 45.Rf1 Rb2 46.
Rf2 Rb4 47.Kg2 Rxe4 48.h3+ Kg5 49.g4 Re1 50.Rf5+ Kg6 51.Kf2 Rb1 52.Kg3 
Rg1+ 53.Kf2 Rh1 54.Kg2 Re1 55.h4 e4 56.Kf2 Rh1 57.Kg3 Re1 58.h5+ Kg7 59.
Kf2 Ra1 60.Ke3 Re1+ 61.Kf4 e3 62.Re5 e2 63.Kf3 Kf6 64.Rxe2 Ra1 65.Kf4 Rf1+
66.Kg3 Rg1+ 67.Rg2 1-0

[Event "16th Asian-ch"]
[Site "Makati PHI"]
[Date "2018.12.16"]
[Round "7.17"]
[White "Liu Yan"]
[Black "Turqueza Mari, Joseph"]
[Result "1-0"]
[WhiteElo "2495"]
[BlackElo "2305"]
[EventDate "2018.12.10"]
[PlyCount "79"]

1.Nf3 c5 2.b3 d6 3.c4 e5 4.Nc3 f5 5.d3 Nf6 6.g3 g6 7.Bg2 Bg7 8.Bb2 O-O 9.
O-O Nc6 10.e3 h6 11.Ne1 g5 12.Nc2 f4 13.Nd5 Nxd5 14.Bxd5+ Kh8 15.g4 Qf6 
16.h3 Ne7 17.Be4 Ng6 18.f3 Nh4 19.Qe2 Rb8 20.d4 exd4 21.exd4 b5 22.cxb5 
Bd7 23.a4 Rfe8 24.Qd3 a6 25.Rab1 d5 26.Bxd5 Qd6 27.dxc5 Qxc5+ 28.Bd4 Bxd4+
29.Qxd4+ Qxd4+ 30.Nxd4 axb5 31.a5 Rbd8 32.Be4 Bxg4 33.hxg4 Rxd4 34.a6 
Rexe4 35.fxe4 Rd2 36.Rf2 Rd7 37.Ra2 Ra7 38.Rd1 Nf3+ 39.Kg2 Ne5 40.Rd8+ 1-0

[Event "16th Asian-ch"]
[Site "Makati PHI"]
[Date "2018.12.16"]
[Round "7.18"]
[White "Antonio, Rogelio jr"]
[Black "Gomez, John Paul"]
[Result "0-1"]
[WhiteElo "2431"]
[BlackElo "2450"]
[EventDate "2018.12.10"]
[PlyCount "34"]

1.e4 e5 2.Nf3 Nc6 3.Bb5 Nf6 4.d3 Bc5 5.O-O Nd4 6.Nxd4 Bxd4 7.c3 Bb6 8.d4 
O-O 9.Re1 d5 10.exd5 exd4 11.c4 Qd6 12.g3 c6 13.Bf4 Qd7 14.Ba4 Qh3 15.Qf3 
cxd5 16.Bd6 Bg4 17.Qf4 Nh5 0-1

[Event "16th Asian-ch"]
[Site "Makati PHI"]
[Date "2018.12.16"]
[Round "7.24"]
[White "Nava, Roderick"]
[Black "Laylo, Darwin"]
[Result "0-1"]
[WhiteElo "2392"]
[BlackElo "2438"]
[EventDate "2018.12.10"]
[PlyCount "128"]

1.d4 Nf6 2.c4 g6 3.Nc3 d5 4.cxd5 Nxd5 5.e4 Nxc3 6.bxc3 Bg7 7.Bg5 O-O 8.Rc1
c5 9.Nf3 Bg4 10.d5 Qa5 11.Qd2 e6 12.c4 Qa4 13.Be2 exd5 14.exd5 Na6 15.O-O 
Nb4 16.Be7 Rfc8 17.Ng5 Re8 18.d6 Bxe2 19.Qxe2 h6 20.Ne4 Nc6 21.Nc3 Nd4 22.
Qd3 Qd7 23.Nd5 Nf5 24.Qh3 Qc6 25.Rcd1 Nxd6 26.Nf6+ Bxf6 27.Rxd6 Qc7 28.Rd7
Qxd7 29.Qxd7 Rxe7 30.Qd6 Kg7 31.Qxc5 b6 32.Qd5 Rc8 33.g3 Rc5 34.Qd3 Rec7 
35.Re1 Rxc4 36.Re2 Rc3 37.Qd5 Rc2 38.Rxc2 Rxc2 39.Kg2 b5 40.Qxb5 Rxa2 41.
Qb3 Ra1 42.Qd3 a5 43.h4 a4 44.Qc4 a3 45.Qb3 Bb2 46.Kf3 Rc1 47.Qa4 Rc5 48.
Kg2 h5 49.Kf3 Rd5 50.Ke2 Rd4 51.Qa6 Re4+ 52.Kf3 Re1 53.Qa4 Ra1 54.Kg2 Bf6 
55.Kf3 Rc1 56.Kg2 Be7 57.Qd4+ Kg8 58.Qa7 Bf8 59.Qa4 Rb1 60.f4 Rb2+ 61.Kh3 
a2 62.f5 gxf5 63.Qa8 Kg7 64.Qa7 Rc2 0-1

[Event "16th Asian-ch"]
[Site "Makati PHI"]
[Date "2018.12.16"]
[Round "7.25"]
[White "Jacutina, John Merill"]
[Black "Dimakiling, Oliver"]
[Result "1-0"]
[WhiteElo "2296"]
[BlackElo "2434"]
[EventDate "2018.12.10"]
[PlyCount "83"]

1.e4 d5 2.exd5 Qxd5 3.Nc3 Qd8 4.d4 g6 5.Nf3 Bg7 6.Bc4 Nc6 7.d5 Na5 8.Bb5+ 
c6 9.dxc6 Qxd1+ 10.Nxd1 Nxc6 11.Ne3 Bd7 12.c3 Nf6 13.O-O O-O 14.Be2 e5 15.
Nc4 e4 16.Nfe5 Nxe5 17.Nxe5 Be6 18.Nc4 Rfd8 19.Na5 Rd7 20.Nb3 Rc8 21.f3 
exf3 22.Bxf3 Nd5 23.Rd1 Nxc3 24.Rxd7 Bxd7 25.bxc3 Bxc3 26.Bd2 Bxa1 27.Nxa1
Be6 28.a3 b5 29.Be2 Rc5 30.Kf2 a5 31.Bd3 a4 32.Nc2 g5 33.Ne3 g4 34.Bb4 Rh5
35.Kg3 Bd7 36.Nxg4 Rg5 37.h3 f6 38.Kf4 Kg7 39.Nxf6 Rxg2 40.Nxd7 h5 41.Ne5 
Kf6 42.Nf3 1-0

[Event "16th Asian-ch"]
[Site "Makati PHI"]
[Date "2018.12.16"]
[Round "7.26"]
[White "Garcia, Jan Emmanuel"]
[Black "Quizon, Daniel"]
[Result "1-0"]
[WhiteElo "2429"]
[BlackElo "2314"]
[EventDate "2018.12.10"]
[PlyCount "99"]

1.d4 Nf6 2.Nf3 g6 3.c4 Bg7 4.g3 d6 5.Bg2 O-O 6.O-O c5 7.dxc5 dxc5 8.Ne5 
Nfd7 9.Nd3 Nc6 10.Nc3 Nce5 11.Nxe5 Nxe5 12.Qb3 Nc6 13.Qb5 Nd4 14.Qxc5 Bf5 
15.Bf4 e5 16.Bxe5 Rc8 17.Qxd4 Qxd4 18.Bxd4 Bxd4 19.Bd5 Bxc3 20.bxc3 Be6 
21.Rab1 b6 22.Rb3 Rfd8 23.e4 Rxc4 24.Bxc4 Bxc4 25.Ra3 Bxf1 26.Kxf1 Rd7 27.
Ke2 Kf8 28.Ra4 Ke7 29.Ke3 h5 30.f4 f6 31.Rc4 Kf7 32.Rc6 Re7 33.a4 Kg7 34.
c4 Kf7 35.h4 Kg7 36.Rd6 Kf7 37.Kd4 Rc7 38.e5 fxe5+ 39.fxe5 Re7 40.a5 bxa5 
41.c5 a4 42.Rf6+ Ke8 43.Rxg6 Rd7+ 44.Ke4 Rd1 45.Ra6 Rg1 46.Rxa4 Rxg3 47.
Rxa7 Rg4+ 48.Kd5 Rxh4 49.c6 Rh1 50.Ra8+ 1-0

[Event "16th Asian-ch"]
[Site "Makati PHI"]
[Date "2018.12.16"]
[Round "7.27"]
[White "Priasmoro, Novendra"]
[Black "Garma, Chito"]
[Result "0-1"]
[WhiteElo "2483"]
[BlackElo "2342"]
[EventDate "2018.12.10"]
[PlyCount "86"]

1.e4 Nf6 2.e5 Nd5 3.d4 d6 4.c4 Nb6 5.exd6 cxd6 6.Nc3 g6 7.Be3 Bg7 8.Rc1 
O-O 9.b3 Nc6 10.d5 Ne5 11.Be2 h5 12.h3 e6 13.Nf3 Nxf3+ 14.Bxf3 e5 15.c5 
dxc5 16.Bxc5 Re8 17.Ne4 Nxd5 18.Nd6 e4 19.Nxe8 Qxe8 20.Be2 Bc3+ 21.Kf1 Be6
22.Bd4 Rd8 23.Bxc3 Nxc3 24.Qc2 Rc8 25.Qd2 Nxa2 26.Rxc8 Qxc8 27.g4 Nc1 28.
gxh5 Bxh3+ 29.Ke1 Nxb3 30.Qb2 Be6 31.hxg6 f6 32.Rh7 Qc5 33.Kf1 Qg5 34.Qc3 
Nd2+ 35.Ke1 Nb1 36.Qb4 e3 37.fxe3 Qg1+ 38.Bf1 Qxe3+ 39.Be2 Qg1+ 40.Bf1 
Qg3+ 41.Kd1 Nc3+ 42.Kc2 Qf2+ 43.Kxc3 Qe1+ 0-1

[Event "16th Asian-ch"]
[Site "Makati PHI"]
[Date "2018.12.16"]
[Round "7.28"]
[White "Young, Angelo"]
[Black "Cuhendi, Sean Winshand"]
[Result "0-1"]
[WhiteElo "2282"]
[BlackElo "2429"]
[EventDate "2018.12.10"]
[PlyCount "103"]

1.Nf3 d5 2.d4 Nc6 3.Bf4 Bg4 4.Nbd2 e6 5.c3 Nf6 6.Qb3 Rb8 7.Ne5 Nxe5 8.Bxe5
Nd7 9.Bg3 Be7 10.e3 O-O 11.c4 e5 12.dxe5 Nc5 13.Qc3 dxc4 14.Bxc4 b5 15.Be2
Bxe2 16.Kxe2 Qd5 17.f3 Rfd8 18.Rhd1 Qe6 19.Qc2 Qa6 20.b3 h5 21.Ne4 Qg6 22.
Rxd8+ Rxd8 23.Rd1 Nxe4 24.Rxd8+ Bxd8 25.Qxe4 Qxe4 26.fxe4 Kf8 27.Kd3 Ke7 
28.a4 c6 29.axb5 cxb5 30.Kd4 Bb6+ 31.Kd5 Kd7 32.Bf2 a5 33.Be1 a4 34.bxa4 
bxa4 35.Bd2 a3 36.Bb4 a2 37.Bc3 Bxe3 38.Ba1 g6 39.h3 Kc7 40.g4 hxg4 41.
hxg4 Kb6 42.Kd6 Kb5 43.Ke7 Kc5 44.Kxf7 Bd4 45.Bxd4+ Kxd4 46.e6 a1=Q 47.e7 
Qa7 48.Kf8 Qc5 49.Kf7 Qc7 50.Kf8 Qd6 51.Kf7 Qd7 52.Kf8 0-1

[Event "16th Asian-ch"]
[Site "Makati PHI"]
[Date "2018.12.16"]
[Round "7.29"]
[White "Pangilinan, Stephen Rome"]
[Black "Montoya, Edsel"]
[Result "0-1"]
[WhiteElo "2276"]
[BlackElo "2312"]
[EventDate "2018.12.10"]
[PlyCount "82"]

1.b3 Nf6 2.Bb2 d5 3.e3 g6 4.c4 Bg7 5.Nf3 O-O 6.Be2 c5 7.O-O Nc6 8.d4 dxc4 
9.dxc5 cxb3 10.axb3 Be6 11.Nbd2 Qc7 12.Bc4 Bxc4 13.Nxc4 Rfd8 14.Qe1 a5 15.
Nb6 Ra6 16.Qe2 Ne4 17.Na4 Bxb2 18.Qxb2 Nb4 19.Rad1 Raa8 20.Qe5 Qxe5 21.
Nxe5 Nd2 22.Nb6 Nxf1 23.Ned7 Nxe3 24.fxe3 Nc6 25.Nxa8 Rxa8 26.Nb6 Rd8 27.
Ra1 Rd3 28.Nc4 Rxb3 29.Nxa5 Rb5 30.Nxc6 bxc6 31.Rc1 Rb2 32.h4 f6 33.Kh2 
Rb3 34.e4 Rb4 35.Ra1 Rxe4 36.Ra8+ Kf7 37.Rc8 Rxh4+ 38.Kg3 Rc4 39.Rxc6 Ke8 
40.Rc8+ Kd7 41.Rh8 h5 0-1

[Event "16th Asian-ch"]
[Site "Makati PHI"]
[Date "2018.12.16"]
[Round "7.30"]
[White "Bai, Adelard"]
[Black "Nouri, Alekhine"]
[Result "0-1"]
[WhiteElo "2100"]
[BlackElo "2013"]
[EventDate "2018.12.10"]
[PlyCount "116"]

1.d4 Nf6 2.c4 g6 3.f3 d5 4.cxd5 Nxd5 5.e4 Nb6 6.Nc3 Bg7 7.Be3 O-O 8.Qd2 e5
9.d5 c6 10.Rd1 f5 11.dxc6 Qxd2+ 12.Rxd2 bxc6 13.b3 Be6 14.Nge2 Re8 15.Nc1 
Bf8 16.Nd3 N8d7 17.Be2 f4 18.Bf2 Be7 19.O-O g5 20.Rc1 h5 21.Nd1 Rac8 22.
Nc5 Nxc5 23.Bxc5 Kf7 24.Nb2 Red8 25.Nd3 Bf6 26.Rdc2 g4 27.Bxb6 axb6 28.
Rxc6 Rxc6 29.Rxc6 gxf3 30.Rc7+ Kg6 31.gxf3 Rg8 32.Kh1 Bh3 33.Rc6 Kg5 34.
Nf2 Bd7 35.Rxb6 Rc8 36.Bc4 Ra8 37.a4 Rc8 38.a5 Rc5 39.Rd6 Rc7 40.a6 Be7 
41.Rd5 Bc5 42.Nd3 Be3 43.Rxe5+ Kh4 44.Re7 Bg4 45.Ne1 Rxe7 46.Ng2+ Kh3 47.
fxg4 Bd2 48.Be2 Rc7 49.Kg1 hxg4 50.Bf1 f3 51.Ne3+ Kh4 52.Kf2 Kg5 53.Nc4 
Bb4 54.h3 Kf4 55.hxg4 Rh7 56.a7 Rh2+ 57.Kg1 Kg3 58.Bh3 Bc5+ 0-1

[Event "16th Asian-ch"]
[Site "Makati PHI"]
[Date "2018.12.16"]
[Round "7.31"]
[White "Gong, Daniel Hanwen"]
[Black "Schain, Randolph"]
[Result "1-0"]
[WhiteElo "2270"]
[BlackElo "2229"]
[EventDate "2018.12.10"]
[PlyCount "53"]

1.d4 Nf6 2.Bf4 d5 3.e3 g6 4.Nc3 c6 5.h4 Bg7 6.Be2 h5 7.Nf3 Bf5 8.Ne5 Nbd7 
9.Qd2 Rc8 10.f3 a6 11.Bd3 e6 12.g4 hxg4 13.e4 gxf3 14.exf5 gxf5 15.Rg1 Bf8
16.Nxf3 Ne4 17.Bxe4 dxe4 18.Ng5 Nf6 19.O-O-O Bb4 20.a3 Bxc3 21.Qxc3 Qd5 
22.Be5 Rh6 23.Bxf6 Rxf6 24.Qb4 b5 25.Nh7 Rg6 26.Rxg6 fxg6 27.Nf6+ 1-0

[Event "16th Asian-ch"]
[Site "Makati PHI"]
[Date "2018.12.16"]
[Round "7.32"]
[White "Orio, Rogelio"]
[Black "Concio, Michael jr"]
[Result "0-1"]
[WhiteElo "1793"]
[BlackElo "1991"]
[EventDate "2018.12.10"]
[PlyCount "142"]

1.d4 Nf6 2.Bf4 c5 3.e3 b6 4.c4 Bb7 5.d5 g6 6.Nc3 Bg7 7.e4 d6 8.Be2 Nbd7 9.
Nf3 O-O 10.h3 b5 11.cxb5 a6 12.bxa6 Bxa6 13.O-O Bxe2 14.Qxe2 Nb6 15.a4 Ne8
16.a5 Nd7 17.a6 Qb6 18.Ra3 Nc7 19.Rfa1 Rfb8 20.R1a2 Nb5 21.Nxb5 Qxb5 22.
Qxb5 Rxb5 23.b3 Ra7 24.Nd2 Bd4 25.Nc4 f5 26.exf5 Nf6 27.fxg6 hxg6 28.Ne3 
Bxe3 29.Bxe3 Nxd5 30.Bd2 Nc7 31.Bg5 Kf7 32.Re2 Ne6 33.Bd2 Rb6 34.b4 Nd4 
35.Re4 cxb4 36.Rd3 b3 37.Bc3 e5 38.f4 b2 39.Bxb2 Rxb2 40.fxe5 dxe5 41.Rxe5
Nf5 42.Ra5 Rb6 43.Rda3 Kg7 44.Kf2 Rb2+ 45.Kg1 Nd6 46.R3a4 Nf5 47.Re5 Rb6 
48.Rea5 Kh6 49.h4 Ne3 50.Kf2 Re6 51.Kg1 Rc6 52.g4 Rc2 53.g5+ Kh5 54.Re4 
Nf5 55.Ra1 Nxh4 56.Re3 Nf5 57.Rb3 Rc6 58.Rba3 Kxg5 59.Kf2 Kf6 60.Kf3 Nd4+ 
61.Ke4 Nc2 62.Rf1+ Kg7 63.Ra4 Raxa6 64.Rxa6 Rxa6 65.Rc1 Re6+ 66.Kd3 Ne1+ 
67.Kd2 Nf3+ 68.Kd3 g5 69.Rc5 g4 70.Rf5 g3 71.Rxf3 g2 0-1

[Event "16th Asian-ch"]
[Site "Makati PHI"]
[Date "2018.12.17"]
[Round "8.1"]
[White "Ganguly, Surya Shekhar"]
[Black "Tabatabaei, Mohammadamin"]
[Result "1/2-1/2"]
[WhiteElo "2621"]
[BlackElo "2587"]
[EventDate "2018.12.10"]
[PlyCount "112"]

1.e4 e5 2.Nf3 Nc6 3.Bc4 Bc5 4.c3 Nf6 5.d3 a6 6.O-O d6 7.a4 Ba7 8.Re1 O-O 
9.h3 h6 10.Nbd2 Be6 11.Bxe6 fxe6 12.b4 Nh5 13.Nf1 Qe8 14.Ra2 Nf4 15.Kh2 
Qf7 16.Be3 Bxe3 17.Nxe3 Kh8 18.Ng1 d5 19.Qc2 d4 20.Nc4 dxc3 21.Qxc3 Nxd3 
22.Qxd3 Nxb4 23.Qd2 Nxa2 24.Nxe5 Qxf2 25.Re2 Qf6 26.Ngf3 Rad8 27.Qxa2 Kh7 
28.Qb1 b6 29.Qc2 c5 30.Qb1 b5 31.axb5 axb5 32.Qxb5 Qf4+ 33.g3 Qc1 34.Kg2 
Rb8 35.Qc4 Rb1 36.Qxc1 Rxc1 37.Kf2 c4 38.Re1 Rc2+ 39.Re2 Rc1 40.Ng4 c3 41.
Ne3 Rb8 42.Ne1 Rf8+ 43.Nf3 Rb8 44.Nc2 Rb2 45.Nfe1 Rd1 46.Ke3 g5 47.Rf2 
Rbb1 48.Re2 Rb8 49.Nd4 Rbb1 50.Nec2 Rg1 51.Kf3 Rbf1+ 52.Rf2 Rxf2+ 53.Kxf2 
Rd1 54.Ke3 Rh1 55.Nxe6 Rxh3 56.Kf3 Rh2 1/2-1/2

[Event "16th Asian-ch"]
[Site "Makati PHI"]
[Date "2018.12.17"]
[Round "8.3"]
[White "Maghsoodloo, Parham"]
[Black "Le Quang Liem"]
[Result "1/2-1/2"]
[WhiteElo "2688"]
[BlackElo "2714"]
[EventDate "2018.12.10"]
[PlyCount "85"]

1.Nf3 d5 2.g3 Nf6 3.Bg2 e6 4.O-O Be7 5.c4 d4 6.e3 c5 7.exd4 cxd4 8.d3 Nc6 
9.Re1 O-O 10.b3 Re8 11.Ba3 h6 12.Bxe7 Rxe7 13.a3 e5 14.b4 Qc7 15.Nbd2 Bf5 
16.Qc2 Rd8 17.c5 Nd5 18.Ne4 Bxe4 19.Rxe4 Nc3 20.Ree1 a5 21.Qb2 axb4 22.
axb4 Nd5 23.Ra4 b5 24.cxb6 Qxb6 25.b5 Rb8 26.Rc4 Nc3 27.Rxc6 Qxc6 28.Nxd4 
exd4 29.Bxc6 Rxe1+ 30.Kg2 Re6 31.Qb3 Nxb5 32.Bd5 Rf6 33.Qb4 Rf5 34.Bc4 Re8
35.g4 Rfe5 36.Bb3 R8e7 37.h4 g5 38.Bd5 Nc3 39.Bf3 Ne2 40.Be4 Kg7 41.Kf3 
Ng1+ 42.Kg2 Ne2 43.Kf3 1/2-1/2

[Event "16th Asian-ch"]
[Site "Makati PHI"]
[Date "2018.12.17"]
[Round "8.4"]
[White "Santosh Gujrathi, Vidit"]
[Black "Nguyen Ngoc Truong Son"]
[Result "1/2-1/2"]
[WhiteElo "2701"]
[BlackElo "2641"]
[EventDate "2018.12.10"]
[PlyCount "40"]

1.d4 d5 2.c4 e6 3.Nf3 Nf6 4.g3 Bb4+ 5.Bd2 Be7 6.Bg2 c6 7.Bc3 dxc4 8.Ne5 
O-O 9.Nxc4 b6 10.O-O Bb7 11.b4 Nbd7 12.Qb3 Qc7 13.Bd2 c5 14.Bf4 Qc8 15.Nd6
Bxd6 16.Bxb7 Qxb7 17.Bxd6 c4 18.Qxc4 Rfc8 19.Qb3 Qc6 20.Bf4 Qc4 1/2-1/2

[Event "16th Asian-ch"]
[Site "Makati PHI"]
[Date "2018.12.17"]
[Round "8.5"]
[White "Zhumabaev, Rinat"]
[Black "Wang Hao"]
[Result "1/2-1/2"]
[WhiteElo "2602"]
[BlackElo "2730"]
[EventDate "2018.12.10"]
[PlyCount "104"]

1.e4 c5 2.Nf3 Nc6 3.d4 cxd4 4.Nxd4 Qc7 5.Nc3 e6 6.Be3 Nf6 7.a3 a6 8.f4 d6 
9.Qf3 Be7 10.O-O-O O-O 11.Be2 Rb8 12.g4 Nxd4 13.Bxd4 b5 14.g5 Nd7 15.Rhg1 
b4 16.axb4 Rxb4 17.f5 Ne5 18.Qh3 Re8 19.Bh5 Rxd4 20.Rxd4 Qc5 21.Rdd1 g6 
22.Be2 exf5 23.Nd5 fxe4 24.Qc3 Qxc3 25.Nxe7+ Rxe7 26.bxc3 Re6 27.Rgf1 Kg7 
28.Rd4 Bb7 29.Rfd1 d5 30.Rf1 Bc6 31.c4 dxc4 32.Kd2 Nf3+ 33.Bxf3 exf3 34.
Rf2 h6 35.gxh6+ Kxh6 36.Rxc4 f5 37.Rc5 Kg5 38.Ra5 Be4 39.c4 Kf4 40.c5 g5 
41.Ke1 Bd3+ 42.Kd2 Be4 43.Ke1 g4 44.Ra3 Bd3+ 45.Kd2 Bb5 46.Rb3 Ke4 47.Re3+
Kd5 48.Rxe6 Kxe6 49.Ke3 Be2 50.h4 gxh3 51.Rh2 Bf1 52.Rd2 Bb5 1/2-1/2

[Event "16th Asian-ch"]
[Site "Makati PHI"]
[Date "2018.12.17"]
[Round "8.6"]
[White "Wen Yang"]
[Black "Adhiban, Baskaran"]
[Result "1/2-1/2"]
[WhiteElo "2604"]
[BlackElo "2695"]
[EventDate "2018.12.10"]
[PlyCount "144"]

1.e4 e5 2.Nf3 Nc6 3.Bb5 a6 4.Ba4 Nf6 5.d3 d6 6.c3 g6 7.O-O Bg7 8.Re1 O-O 
9.Nbd2 Nd7 10.Nf1 Nc5 11.Bxc6 bxc6 12.d4 Ne6 13.dxe5 dxe5 14.Qa4 Qe8 15.
Ng5 c5 16.Qxe8 Rxe8 17.Nxe6 Bxe6 18.c4 Bxc4 19.Be3 Bf8 20.Rec1 Bd3 21.Bxc5
Bxe4 22.Bxf8 Kxf8 23.Rxc7 Rec8 24.Rxc8+ Rxc8 25.Ne3 Bd3 26.Rd1 e4 27.f4 
Ke7 28.Kf2 h6 29.h4 a5 30.Ke1 a4 31.Kd2 Bc4 32.b3 axb3 33.axb3 Bxb3 34.Rb1
Be6 35.Rb7+ Kd6 36.g4 g5 37.hxg5 hxg5 38.f5 Bd7 39.Ra7 Rd8 40.Ra5 Bb5 41.
Nc2 Kc5+ 42.Ke3 Kb6 43.Ra1 Bd3 44.Ne1 Rd5 45.Ra8 Rd6 46.Rf8 f6 47.Re8 Kc5 
48.Rc8+ Rc6 49.Rb8 Rd6 50.Rc8+ Kb6 51.Rc3 Ba6 52.Kxe4 Rd2 53.Kf3 Rd1 54.
Kf2 Rd4 55.Kg3 Be2 56.Nf3 Rd3 57.Rxd3 Bxd3 58.Kf2 Kc5 59.Ke3 Bc2 60.Ne1 
Bb1 61.Nf3 Kd5 62.Nd4 Ba2 63.Ne6 Bb3 64.Nf4+ Kd6 65.Nd3 Bc2 66.Nf2 Ke5 67.
Nh3 Ba4 68.Nf2 Bb5 69.Nh3 Ba6 70.Nf2 Bf1 71.Nd1 Bc4 72.Nf2 Bf1 1/2-1/2

[Event "16th Asian-ch"]
[Site "Makati PHI"]
[Date "2018.12.17"]
[Round "8.7"]
[White "Sethuraman, Panayapan"]
[Black "Khusnutdinov, Rustam"]
[Result "1-0"]
[WhiteElo "2664"]
[BlackElo "2470"]
[EventDate "2018.12.10"]
[PlyCount "99"]

1.e4 e6 2.d4 d5 3.Nc3 Nf6 4.e5 Nfd7 5.f4 c5 6.Nf3 Nc6 7.Be3 Be7 8.Qd2 O-O 
9.dxc5 Qa5 10.a3 Bxc5 11.Bxc5 Nxc5 12.O-O-O a6 13.Qe3 Qb6 14.Nd4 Rd8 15.
Be2 Ne4 16.Nxe4 dxe4 17.Nf5 Qxe3+ 18.Nxe3 Nd4 19.Rhe1 b5 20.c3 Nxe2+ 21.
Rxe2 Rxd1+ 22.Nxd1 Bb7 23.Nf2 f5 24.exf6 gxf6 25.Nxe4 Bxe4 26.Rxe4 Kf7 27.
Kc2 Rg8 28.Re2 Ke7 29.Kb3 Rc8 30.Re4 Kd6 31.Kb4 Kd5 32.Rd4+ Kc6 33.c4 a5+ 
34.Kc3 Rg8 35.g3 h5 36.Re4 Re8 37.Kd3 bxc4+ 38.Kxc4 Kd6 39.Rd4+ Kc6 40.b4 
axb4 41.axb4 e5 42.b5+ Kc7 43.Re4 Kd6 44.fxe5+ fxe5 45.b6 Rc8+ 46.Kd3 Rd8 
47.Rc4 Kd5 48.b7 e4+ 49.Rxe4 Kc6+ 50.Rd4 1-0

[Event "16th Asian-ch"]
[Site "Makati PHI"]
[Date "2018.12.17"]
[Round "8.8"]
[White "Firouzja, Alireza"]
[Black "Lalith Babu, Musunuri Rohit"]
[Result "0-1"]
[WhiteElo "2607"]
[BlackElo "2529"]
[EventDate "2018.12.10"]
[PlyCount "112"]

1.e4 e5 2.Nf3 Nc6 3.Bb5 a6 4.Ba4 Nf6 5.O-O Be7 6.Re1 b5 7.Bb3 d6 8.c3 O-O 
9.h3 Bb7 10.d4 Nd7 11.Nbd2 Na5 12.Bc2 Re8 13.Nf1 exd4 14.cxd4 c5 15.d5 Bf6
16.Rb1 Nc4 17.b3 Nce5 18.N3h2 c4 19.Ne3 Qc7 20.Nf5 Nc5 21.Bb2 Bc8 22.Ng3 
g6 23.b4 Ncd7 24.Bc3 Bg7 25.Qd2 a5 26.bxa5 Nc5 27.Rxb5 Bd7 28.Rb6 Ncd3 29.
Reb1 Qc5 30.a6 Bh6 31.Qxh6 Qxf2+ 32.Kh1 Nf4 33.Rg1 Qxg3 34.Be1 Qe3 35.Bh4 
Qxb6 36.Qxf4 f6 37.Bxf6 Rf8 38.Rf1 Rf7 39.Qc1 Raf8 40.Bxe5 Rxf1+ 41.Nxf1 
dxe5 42.Ne3 Qxa6 43.Qa1 Qa3 44.Qe1 Qxa2 45.Qc3 Qa7 46.Kh2 Qc5 47.Bb3 Rf4 
48.Bc2 Bb5 49.Ng4 Qd4 50.Qa5 h5 51.Nh6+ Kh7 52.Nf5 Qc5 53.Qd8 Rf1 54.h4 
gxf5 55.exf5 Qg1+ 56.Kh3 Qe3+ 0-1